[Event "SRB-ch sf"]
[Site "Belgrade"]
[Date "2016.03.28"]
[Round "8"]
[White "Lukic, Dragan M"]
[Black "Ivanovic, Marko"]
[Result "1-0"]
[WhiteElo "2259"]
[BlackElo "1793"]
[PlyCount "65"]
[EventDate "2016.03.21"]
[EventType "swiss"]
[EventRounds "9"]
[EventCountry "SRB"]
[SourceTitle "CBM 171 Extra"]
[Source "ChessBase"]
[SourceDate "2016.04.26"]
[SourceVersion "1"]
[SourceVersionDate "2016.04.26"]
[SourceQuality "1"]

1. e4 c5 2. Nf3 a6 3. c3 d5 4. exd5 Nf6 5. c4 e6 6. dxe6 Bxe6 7. Be2 Nc6 8. 0-0 Be7 9. b3 Qd6 10. Nc3 0-0 11. Ba3 Rfd8 12. Na4 Nb4 13. d4 Qc7 14. d5 b5 15. Nc3 bxc4 16. bxc4 Bf5 17. Nh4 Bd7 18. g3 Bh3 19. Re1 Nd7 20. Ng2 Bf6 21. Bb2 Nb6 22. a3 N4xd5 23. cxd5 Bxc3 24. Bxc3 Nxd5 25. Qc1 Rab8 26. Bf3 Nxc3 27. Qxc3 c4 28. Nf4 Bf5 29. Nd5 Qc5 30. Qe5 Kh8 31. Qxf5 Rb2 32. Be4 g6 33. Qf6+ 1-0

[Event "SRB-ch sf"]
[Site "Belgrade"]
[Date "2016.03.26"]
[Round "6"]
[White "Lukic, Dragan M"]
[Black "Mitrovic, Marjan"]
[Result "0-1"]
[WhiteElo "2259"]
[BlackElo "2112"]
[PlyCount "96"]
[EventDate "2016.03.21"]
[EventType "swiss"]
[EventRounds "9"]
[EventCountry "SRB"]
[SourceTitle "CBM 171 Extra"]
[Source "ChessBase"]
[SourceDate "2016.04.26"]
[SourceVersion "1"]
[SourceVersionDate "2016.04.26"]
[SourceQuality "1"]

1. e4 c5 2. Nf3 d6 3. d4 cxd4 4. Nxd4 Nf6 5. Nc3 g6 6. Be3 Bg7 7. f3 a6 8. Qd2 b5 9. g4 Bb7 10. h4 h5 11. g5 Nfd7 12. f4 Nc5 13. Bg2 b4 14. Nce2 a5 15. Ng3 0-0 16. 0-0 Nbd7 17. c4 bxc3 18. bxc3 Nb6 19. Qd1 Nc4 20. Bc1 Qb6 21. Kh1 Rfb8 22. f5 Be5 23. Bf4 Bxf4 24. Rxf4 Ne3 25. Qe2 Nxg2 26. Qxg2 Ba6 27. Rd1 Nd3 28. Rf3 Ne5 29. Rf2 Ng4 30. Rf3 Bc4 31. Nge2 Ne5 32. Rf2 Ng4 33. Rf3 Ne5 34. Rf2 Ng4 35. Rf3 d5 36. e5 Nxe5 37. Re3 Qd6 38. fxg6 fxg6 39. Ng3 Rf8 40. Rde1 Nd3 41. Rxd3 Bxd3 42. Re6 Qf4 43. Qxd5 Kh8 44. Rxe7 Qxg3 45. Nf5 Qh3+ 46. Kg1 Qf1+ 47. Kh2 Qf4+ 48. Kg1 Bxf5 0-1

[Event "SRB-ch sf"]
[Site "Belgrade"]
[Date "2016.03.25"]
[Round "5"]
[White "Poleksic, Dusan"]
[Black "Lukic, Dragan M"]
[Result "0-1"]
[WhiteElo "2029"]
[BlackElo "2259"]
[PlyCount "54"]
[EventDate "2016.03.21"]
[EventType "swiss"]
[EventRounds "9"]
[EventCountry "SRB"]
[SourceTitle "CBM 171 Extra"]
[Source "ChessBase"]
[SourceDate "2016.04.26"]
[SourceVersion "1"]
[SourceVersionDate "2016.04.26"]
[SourceQuality "1"]

1. d4 d5 2. Nf3 Nf6 3. c4 e6 4. Nc3 c6 5. Bg5 dxc4 6. e4 b5 7. e5 h6 8. Bh4 g5 9. Nxg5 hxg5 10. Bxg5 Nbd7 11. exf6 Bb7 12. g3 c5 13. d5 Qc7 14. Bg2 Qe5+ 15. Be3 Nxf6 16. 0-0 Nxd5 17. Bxd5 Bxd5 18. Bf4 Qf5 19. f3 0-0-0 20. Nxb5 a6 21. Nc3 Bc6 22. Qe2 Bg7 23. Rad1 Rxd1 24. Nxd1 Qd3 25. Qf2 Bd4 26. Be3 Rd8 27. Kg2 Ba4 0-1

[Event "SRB-chT2 East"]
[Site "Vrnjacka Banja"]
[Date "2015.10.10"]
[Round "9.57"]
[White "Djordjevic, Miroslav"]
[Black "Lukic, Dragan M"]
[Result "0-1"]
[WhiteElo "1958"]
[BlackElo "2287"]
[PlyCount "64"]
[EventDate "2015.08.28"]
[EventType "team-tourn"]
[EventRounds "11"]
[EventCountry "SRB"]
[SourceTitle "EXT 2022"]
[Source "ChessBase"]
[SourceDate "2021.10.06"]
[SourceVersion "1"]
[SourceVersionDate "2021.10.06"]
[SourceQuality "1"]

1. f4 d5 2. Nf3 g6 3. e3 Bg4 4. Be2 Bg7 5. d4 Nf6 6. b4 0-0 7. a4 Nbd7 8. 0-0 Ne4 9. Qe1 e6 10. Na3 a5 11. b5 Nb6 12. c4 Nxa4 13. h3 Bxf3 14. gxf3 Nd6 15. Nc2 Nc5 16. dxc5 Bxa1 17. cxd6 Bg7 18. dxc7 Qxc7 19. Ba3 Rfc8 20. c5 Bf8 21. c6 Bxa3 22. Nxa3 bxc6 23. Qa1 cxb5 24. Nxb5 Qc5 25. Nd4 a4 26. Kf2 a3 27. Nb5 a2 28. h4 h5 29. Rg1 Qc2 30. f5 exf5 31. Qf6 Rc6 32. Nd6 Rxd6 0-1

[Event "SRB-chT2 East"]
[Site "Vrnjacka Banja"]
[Date "2015.10.08"]
[Round "6.26"]
[White "Jankovic, Uros"]
[Black "Lukic, Dragan M"]
[Result "0-1"]
[WhiteElo "1792"]
[BlackElo "2287"]
[PlyCount "76"]
[EventDate "2015.08.28"]
[EventType "team-tourn"]
[EventRounds "11"]
[EventCountry "SRB"]
[SourceTitle "EXT 2022"]
[Source "ChessBase"]
[SourceDate "2021.10.06"]
[SourceVersion "1"]
[SourceVersionDate "2021.10.06"]
[SourceQuality "1"]

1. c4 e6 2. Nc3 d5 3. cxd5 exd5 4. d4 c6 5. Bf4 Bf5 6. e3 Qb6 7. Qd2 Nf6 8. f3 Nbd7 9. Nge2 Nh5 10. g4 Nxf4 11. exf4 Bg6 12. f5 Be7 13. fxg6 Bh4+ 14. Ng3 hxg6 15. Rg1 0-0-0 16. 0-0-0 Rde8 17. Na4 Qc7 18. b4 Be7 19. Kb1 Bd6 20. b5 Bf4 21. Qb2 Qa5 22. bxc6 bxc6 23. Qc2 Kc7 24. Rg2 Re3 25. Rf2 Rb8+ 26. Ka1 Ra3 27. Rb1 Rxb1+ 28. Qxb1 Qxa4 29. Rb2 Nb6 30. Ne2 Rxf3 31. Rb4 Qa5 32. Bg2 Rf2 33. Nxf4 Rxf4 34. Qe1 Rf6 35. Qe7+ Nd7 36. Bh3 Re6 37. Rb7+ Kxb7 38. Qxd7+ Qc7 0-1

[Event "Belgrade Jezero op"]
[Site "Belgrade"]
[Date "2015.08.15"]
[Round "8"]
[White "Lukic, Dragan M"]
[Black "Jakovljevic, Zivota"]
[Result "1-0"]
[WhiteElo "2287"]
[BlackElo "2032"]
[PlyCount "86"]
[EventDate "2015.08.08"]
[EventType "swiss"]
[EventRounds "9"]
[EventCountry "SRB"]
[SourceTitle "EXT 2016"]
[Source "ChessBase"]
[SourceDate "2015.10.08"]
[SourceVersion "1"]
[SourceVersionDate "2015.10.08"]
[SourceQuality "1"]

1. e4 e6 2. d4 d5 3. Nc3 Nf6 4. e5 Nfd7 5. f4 c5 6. Nf3 Nc6 7. Be3 a6 8. Qd2 cxd4 9. Nxd4 Nxd4 10. Bxd4 Bc5 11. 0-0-0 Bxd4 12. Qxd4 Qb6 13. Qd2 Nc5 14. f5 Qc7 15. g3 Bd7 16. Bg2 0-0-0 17. fxe6 fxe6 18. Qd4 Kb8 19. Kb1 Rhf8 20. Rhf1 Bc8 21. Bh3 Rxf1 22. Rxf1 Re8 23. a3 Re7 24. Qb4 Ka7 25. Rf8 b6 26. Nxd5 exd5 27. Rxc8 Qxe5 28. Ka2 Qe4 29. Qc3 d4 30. Qc4 Nb7 31. Qg8 Nd6 32. Rd8 Qc6 33. Be6 b5 34. Bd5 Qc5 35. Ra8+ Kb6 36. Qb8+ Nb7 37. Qa7+ Kc7 38. Qxb7+ Kd6 39. Rd8+ Ke5 40. Qb8+ Qc7 41. Qxc7+ Rxc7 42. Bb3 Rc6 43. Rd5+ Ke4 1-0

[Event "SRB-chT Central"]
[Site "Kraljevo"]
[Date "2011.09.23"]
[Round "9.6"]
[White "Djokic, Vladan"]
[Black "Lukic, Dragan M"]
[Result "1-0"]
[WhiteElo "2299"]
[BlackElo "2307"]
[PlyCount "71"]
[EventDate "2011.09.17"]
[EventType "team-tourn"]
[EventRounds "11"]
[EventCountry "SRB"]
[SourceTitle "CBM 144 Extra"]
[Source "ChessBase"]
[SourceDate "2011.10.28"]
[SourceVersion "1"]
[SourceVersionDate "2011.10.28"]
[SourceQuality "1"]
[WhiteTeam "Celin Kamen"]
[BlackTeam "Ribnica"]
[WhiteTeamCountry "YUG"]
[BlackTeamCountry "YUG"]

1. e4 Nf6 2. e5 Nd5 3. d4 d6 4. c4 Nb6 5. exd6 cxd6 6. Nc3 g6 7. Be3 Bg7 8. Rc1 0-0 9. b3 e5 10. dxe5 dxe5 11. Qxd8 Rxd8 12. c5 N6d7 13. Bc4 Nc6 14. Nf3 Na5 15. Be2 b6 16. cxb6 Nxb6 17. 0-0 Bb7 18. Ng5 h6 19. Nge4 Nd5 20. Nxd5 Bxd5 21. Nc3 Bb7 22. Nb5 Ba6 23. Rfe1 Bxb5 24. Bxb5 a6 25. Bf1 Nb7 26. g3 Nd6 27. Bb6 Rd7 28. Red1 Bf8 29. Rc6 a5 30. a4 Rb8 31. Bxa5 Be7 32. Bc7 Ra8 33. Bxd6 Bf8 34. Kg2 Rad8 35. Bxf8 Rxd1 36. Bxh6 1-0

[Event "SRB-chT Central"]
[Site "Kraljevo"]
[Date "2011.09.21"]
[Round "6"]
[White "Organdziev, Oliver"]
[Black "Lukic, Dragan M"]
[Result "1-0"]
[WhiteElo "2300"]
[BlackElo "2307"]
[PlyCount "96"]
[EventDate "2011.09.17"]
[EventType "team-tourn"]
[EventRounds "11"]
[EventCountry "SRB"]
[SourceTitle "CBM 144 Extra"]
[Source "ChessBase"]
[SourceDate "2011.10.28"]
[SourceVersion "1"]
[SourceVersionDate "2011.10.28"]
[SourceQuality "1"]
[WhiteTeam "Sloga"]
[BlackTeam "Ribnica"]
[WhiteTeamCountry "YUG"]
[BlackTeamCountry "YUG"]

1. e4 Nf6 2. Nc3 d5 3. e5 Nfd7 4. d4 c5 5. f4 e6 6. Nf3 Nc6 7. Be3 Be7 8. Qd2 a6 9. 0-0-0 c4 10. f5 b5 11. a3 b4 12. axb4 Bxb4 13. Qf2 Bxc3 14. bxc3 Qa5 15. Kd2 Nb6 16. Bg5 exf5 17. h4 h6 18. Bf4 Nd8 19. Be2 Ne6 20. g3 Na4 21. Qe3 Nc7 22. e6 Bxe6 23. Bxc7 Qxc7 24. Ra1 Nb6 25. Ra5 0-0 26. Rha1 Rae8 27. Qe5 Qc6 28. Rc5 Qa8 29. Rca5 Nd7 30. Qe3 Nb8 31. Ne5 f6 32. Nf3 Qc6 33. h5 Bf7 34. Qf2 Bxh5 35. Ng1 Bf7 36. Qxf5 Re7 37. Bf3 Rd8 38. Ne2 g6 39. Qh3 Kg7 40. Rh1 Rh8 41. Nf4 Rd7 42. Rc5 Qb7 43. Rxc4 Nc6 44. Rc5 Ne7 45. Be2 a5 46. Rb1 Qxb1 47. Qxd7 Re8 48. Ne6+ Kg8 1-0

[Event "SRB-chT2 West"]
[Site "Valjevo"]
[Date "2010.10.15"]
[Round "8"]
[White "Lukic, Dragan M"]
[Black "Bosiljcic, Zoran"]
[Result "1-0"]
[WhiteElo "2283"]
[BlackElo "2164"]
[PlyCount "64"]
[EventDate "2010.09.12"]
[EventType "team-tourn"]
[EventRounds "9"]
[EventCountry "YUG"]
[SourceTitle "EXT 2011"]
[Source "ChessBase"]
[SourceDate "2010.11.26"]
[SourceVersion "1"]
[SourceVersionDate "2010.11.26"]
[SourceQuality "1"]

1. e4 e5 2. Nf3 Nc6 3. Nc3 Nf6 4. Bb5 Bc5 5. 0-0 0-0 6. Nxe5 Re8 7. Nf3 Nxe4 8. Nxe4 Rxe4 9. c3 d5 10. d4 Be7 11. h3 Bf6 12. Be3 Bd7 13. Bd3 Re8 14. Re1 Ne7 15. Qb3 b6 16. Qc2 g6 17. Bf4 c5 18. dxc5 bxc5 19. b3 Bf5 20. Rad1 Bxd3 21. Qxd3 Qa5 22. Be5 Bxe5 23. Rxe5 Nf5 24. g4 Ng7 25. Rxd5 Qxa2 26. Qc4 Ne6 27. Rd7 Rab8 28. Ne5 Rf8 29. Nxf7 Qxb3 30. Nh6+ Kh8 31. Qe4 Qxc3 32. Qxe6 Rbe8 1-0

[Event "SRB-chT2 West"]
[Site "Valjevo"]
[Date "2010.10.14"]
[Round "6"]
[White "Lukic, Dragan M"]
[Black "Drcelic, Sreten"]
[Result "1-0"]
[WhiteElo "2283"]
[BlackElo "2233"]
[PlyCount "25"]
[EventDate "2010.09.12"]
[EventType "team-tourn"]
[EventRounds "9"]
[EventCountry "YUG"]
[SourceTitle "EXT 2011"]
[Source "ChessBase"]
[SourceDate "2010.11.26"]
[SourceVersion "1"]
[SourceVersionDate "2010.11.26"]
[SourceQuality "1"]

1. e4 d6 2. d4 Nf6 3. Nc3 c6 4. f4 Nbd7 5. Nf3 Qc7 6. e5 Nd5 7. Ne4 b5 8. b3 N7b6 9. Bd3 e6 10. 0-0 g6 11. Ba3 dxe5 12. Nd6+ Bxd6 13. Bxd6 1-0

[Event "SRB-chT2 West Central"]
[Site "Serbia"]
[Date "2009.09.12"]
[Round "2"]
[White "Lukic, Dragan M"]
[Black "Gosic, Bogdan"]
[Result "1/2-1/2"]
[WhiteElo "2258"]
[BlackElo "2336"]
[PlyCount "65"]
[EventDate "2009.09.06"]
[EventType "team"]
[EventRounds "11"]
[EventCountry "SRB"]
[SourceTitle "EXT 2019"]
[Source "ChessBase"]
[SourceDate "2018.10.10"]
[SourceVersion "1"]
[SourceVersionDate "2018.10.10"]
[SourceQuality "1"]

1. e4 e5 2. Nf3 Nc6 3. Bb5 a6 4. Bxc6 dxc6 5. 0-0 f6 6. d4 exd4 7. Nxd4 c5 8. Ne2 Qxd1 9. Rxd1 Bd7 10. Nbc3 0-0-0 11. Be3 Re8 12. Rd2 Bc6 13. Rad1 b6 14. a4 a5 15. Bf4 Ne7 16. Nb5 Ng6 17. Bg3 Bxb5 18. axb5 Be7 19. Nc3 Bd8 20. f3 h5 21. h3 Nf8 22. Nd5 Ne6 23. c3 g5 24. Ne3 Rh7 25. Kf2 Rf7 26. Rd5 h4 27. Bh2 Nf8 28. Nc4 Rd7 29. Rxd7 Nxd7 30. Rd5 Nf8 31. Ne3 Ng6 32. Ng4 Ne7 33. Nxf6 1/2-1/2

[Event "SRB-chT2 West"]
[Site "Serbia"]
[Date "2008.09.28"]
[Round "3.5"]
[White "Lukic, Dragan M"]
[Black "Nikolic, Dragovan"]
[Result "1-0"]
[WhiteElo "2236"]
[BlackElo "2307"]
[PlyCount "110"]
[EventDate "2008.09.14"]
[EventType "team"]
[EventRounds "11"]
[EventCountry "SRB"]
[SourceTitle "EXT 2012"]
[Source "ChessBase"]
[SourceDate "2011.11.24"]
[SourceVersion "1"]
[SourceVersionDate "2011.11.24"]
[SourceQuality "1"]

1. e4 c5 2. Nf3 Nc6 3. d4 cxd4 4. Nxd4 g6 5. c4 Bg7 6. Be3 Nf6 7. Nc3 0-0 8. Be2 d6 9. f3 Bd7 10. Nc2 a5 11. Na4 Ne5 12. Nb6 Rb8 13. Nxd7 Nfxd7 14. Qd2 Qc7 15. Na3 Rfc8 16. Rc1 Qd8 17. 0-0 Nc5 18. Rfd1 Ra8 19. Nb5 Qf8 20. b3 h5 21. Nc3 Ne6 22. Nd5 Nd7 23. f4 Nc7 24. f5 Nxd5 25. Qxd5 Nf6 26. Qd3 Bh6 27. fxg6 fxg6 28. e5 Bxe3+ 29. Qxe3 dxe5 30. Qxe5 b6 31. Qe6+ Kh7 32. Qxb6 Qh6 33. Qe6 Rc7 34. Rc3 Rf8 35. Rg3 h4 36. Rgd3 Qg5 37. h3 Kg7 38. Bf3 Rf7 39. Re1 Qc5+ 40. Qe3 Qa3 41. Re2 a4 42. Qf4 Qc5+ 43. Qd4 Qg5 44. Re5 Qc1+ 45. Kh2 Qa3 46. Qxh4 Qxa2 47. Ra5 Qc2 48. Rd8 Nh7 49. Raa8 Rxf3 50. Rg8+ Kf7 51. Qxh7+ Ke6 52. Rxg6+ Kd7 53. Rd6+ Kxd6 54. Qxc2 Rxb3 55. Rxa4 Rcb7 1-0

[Event "SRB-chT2 West"]
[Site "Serbia"]
[Date "2007.10.14"]
[Round "6.4"]
[White "Lukic, Dragan M"]
[Black "Radivojevic, Ivan"]
[Result "0-1"]
[WhiteElo "2210"]
[BlackElo "2343"]
[PlyCount "70"]
[EventDate "2007.09.09"]
[EventType "team"]
[EventRounds "11"]
[EventCountry "SRB"]
[SourceTitle "EXT 2012"]
[Source "ChessBase"]
[SourceDate "2011.11.24"]
[SourceVersion "1"]
[SourceVersionDate "2011.11.24"]
[SourceQuality "1"]
[WhiteTeam "Ribnica"]
[BlackTeam "Pozega"]
[WhiteTeamCountry "SRB"]
[BlackTeamCountry "SRB"]

1. e4 c6 2. d4 d5 3. exd5 cxd5 4. Bd3 Nc6 5. c3 Nf6 6. Bf4 Bg4 7. Qb3 Qc8 8. h3 Bh5 9. Nd2 e6 10. Ngf3 Be7 11. 0-0 0-0 12. Rfe1 Bg6 13. Bf1 b6 14. Ne5 Nxe5 15. Bxe5 Rd8 16. Rac1 Qb7 17. c4 dxc4 18. Nxc4 Rac8 19. Na5 Qa8 20. Ba6 Rxc1 21. Rxc1 Be4 22. Rc7 Bf8 23. Bxf6 gxf6 24. Qg3+ Kh8 25. Nb7 Rxd4 26. Rxf7 Qe8 27. Rc7 Rd1+ 28. Kh2 Rd7 29. Bb5 Rxc7 30. Bxe8 Rg7 31. Qe3 Rxg2+ 32. Kh1 Bxb7 33. f3 Rg3 34. Kh2 Bd6 35. Qxe6 Bxf3 0-1

[Event "SRB-chT2 West"]
[Site "Serbia"]
[Date "2007.09.23"]
[Round "3.3"]
[White "Lukic, Dragan M"]
[Black "Obradovic, Blazimir"]
[Result "0-1"]
[WhiteElo "2210"]
[BlackElo "2235"]
[PlyCount "118"]
[EventDate "2007.09.09"]
[EventType "team"]
[EventRounds "11"]
[EventCountry "SRB"]
[SourceTitle "EXT 2012"]
[Source "ChessBase"]
[SourceDate "2011.11.24"]
[SourceVersion "1"]
[SourceVersionDate "2011.11.24"]
[SourceQuality "1"]
[WhiteTeam "Ribnica"]
[BlackTeam "Morava"]
[WhiteTeamCountry "SRB"]
[BlackTeamCountry "SRB"]

1. e4 e6 2. d4 d5 3. exd5 exd5 4. Nf3 Bd6 5. c4 Nf6 6. Nc3 c6 7. c5 Bc7 8. Bg5 h6 9. Bh4 0-0 10. Be2 Bf5 11. 0-0 Nbd7 12. Re1 Re8 13. Bd3 Rxe1+ 14. Nxe1 Bxd3 15. Nxd3 Qb8 16. Bg3 Bxg3 17. hxg3 Qc7 18. Qc2 Re8 19. Re1 Nf8 20. Rxe8 Nxe8 21. Qa4 Qb8 22. b4 a6 23. Qd1 Ne6 24. Ne5 Qd8 25. a4 N8c7 26. Qd3 Qe8 27. Nf3 Ng5 28. Kf1 Ne4 29. Nd2 f5 30. Nb3 Ne6 31. Ne2 Qh5 32. Kg1 Qh1+ 33. Kxh1 Nxf2+ 34. Kg1 Nxd3 35. b5 axb5 36. axb5 cxb5 37. Nc3 Nc7 38. Kf1 Nb4 39. Ke2 Nc6 40. Ke3 Kf7 41. Ne2 Kf6 42. Nf4 g5 43. Ne2 Kg6 44. Kf2 Kf6 45. Ke3 Ke6 46. Kf3 b4 47. g4 fxg4+ 48. Kxg4 Kf6 49. Kh5 Kg7 50. Ng3 Ne6 51. Nf5+ Kf6 52. Nxh6 Ncxd4 53. Nd2 b3 54. Ng4+ Kf5 55. Ne3+ Ke5 56. g3 Nxc5 57. Ng4+ Kf5 58. Ne3+ Ke6 59. g4 b2 0-1

[Event "SRB-chT2 West"]
[Site "Serbia"]
[Date "2006.10.27"]
[Round "9.5"]
[White "Lukic, Dragan M"]
[Black "Mrsevic, Miroslav"]
[Result "1-0"]
[WhiteElo "2240"]
[BlackElo "2234"]
[PlyCount "71"]
[EventDate "2006.09.09"]
[EventType "team"]
[EventRounds "11"]
[EventCountry "SRB"]
[SourceTitle "EXT 2012"]
[Source "ChessBase"]
[SourceDate "2011.11.24"]
[SourceVersion "1"]
[SourceVersionDate "2011.11.24"]
[SourceQuality "1"]

1. e4 d6 2. d4 Nf6 3. Nc3 Nbd7 4. Bc4 e5 5. Nf3 Be7 6. 0-0 0-0 7. h3 c6 8. a4 Qa5 9. Bd2 exd4 10. Nxd4 Ne5 11. Bb3 Qb4 12. Nf5 Bxf5 13. Nd5 Nxd5 14. Bxb4 Bxe4 15. Bd2 Rfe8 16. f3 Bf5 17. g4 Bd7 18. f4 Ng6 19. Qf3 a5 20. Rae1 Rec8 21. Re2 Bd8 22. c4 Nf6 23. Rfe1 h6 24. Bc2 c5 25. g5 Bc6 26. Qg3 hxg5 27. fxg5 Nh7 28. Bxg6 fxg6 29. h4 Nf8 30. Bc3 Rc7 31. Qxd6 Rf7 32. Rf2 Bc7 33. Rxf7 Bxd6 34. Rxg7+ Kh8 35. Rxg6+ Kh7 36. Rxd6 1-0

[Event "Belgrade-chT"]
[Site "Belgrade"]
[Date "2005.10.09"]
[Round "9"]
[White "Velickovic, Sasa"]
[Black "Lukic, Dragan M"]
[Result "1-0"]
[WhiteElo "2404"]
[BlackElo "2248"]
[PlyCount "93"]
[EventDate "2005.10.01"]
[EventType "team-tourn"]
[EventRounds "9"]
[EventCountry "YUG"]
[SourceTitle "CBM 108 Extra"]
[Source "ChessBase"]
[SourceDate "2005.11.04"]
[SourceVersion "1"]
[SourceVersionDate "2005.11.04"]
[SourceQuality "1"]

1. e4 Nf6 2. e5 Nd5 3. d4 d6 4. Nf3 dxe5 5. Nxe5 Nd7 6. Nf3 e6 7. g3 c5 8. dxc5 Bxc5 9. Bg2 0-0 10. 0-0 Qc7 11. c4 N5f6 12. Nc3 a6 13. Qe2 Re8 14. a3 e5 15. b4 e4 16. Ng5 Bd4 17. Bf4 Ne5 18. Rac1 Bg4 19. Qd2 Qxc4 20. Ncxe4 Qd3 21. Bxe5 Qxd2 22. Nxd2 Bxe5 23. Bxb7 Ra7 24. Bg2 Be2 25. Rfe1 Bb2 26. Rc2 Bxa3 27. Nb1 Bd3 28. Rxe8+ Nxe8 29. Nxa3 Bxc2 30. Nxc2 Rc7 31. Be4 Rc3 32. Ne3 h6 33. Nf3 Rb3 34. Nc2 Nd6 35. Bd5 Rb2 36. Nfd4 Nb5 37. Nxb5 Rxc2 38. Na7 Kf8 39. Nc6 Rd2 40. Bf3 Ke8 41. Kf1 Rd6 42. Ke2 Kd7 43. Ne5+ Kc7 44. Ke3 Re6 45. Kd4 Kb6 46. Bd5 Rd6 47. Nc4+ 1-0

[Event "Belgrade-chT"]
[Site "Belgrade"]
[Date "2005.10.02"]
[Round "2"]
[White "Lukic, Dragan M"]
[Black "Certic, Branimir"]
[Result "0-1"]
[WhiteElo "2248"]
[BlackElo "2406"]
[PlyCount "110"]
[EventDate "2005.10.01"]
[EventType "team-tourn"]
[EventRounds "9"]
[EventCountry "YUG"]
[SourceTitle "CBM 108 Extra"]
[Source "ChessBase"]
[SourceDate "2005.11.04"]
[SourceVersion "1"]
[SourceVersionDate "2005.11.04"]
[SourceQuality "1"]

1. e4 e6 2. d4 d5 3. exd5 exd5 4. Nf3 Nc6 5. Bb5 Nge7 6. 0-0 a6 7. Be2 g6 8. Re1 Bg7 9. Bf4 0-0 10. Qd2 Nf5 11. c3 f6 12. h4 h6 13. c4 g5 14. cxd5 Na7 15. Be3 Qxd5 16. Nc3 Qf7 17. hxg5 hxg5 18. Bxg5 fxg5 19. Nxg5 Bh6 20. Nce4 Qg7 21. Rac1 Nb5 22. Bc4+ Kh8 23. f4 Qxd4+ 24. Qxd4+ Nbxd4 25. Rc3 Kg7 26. g4 Nh4 27. f5 Bxg5 28. Nxg5 Kh6 29. Re4 Kxg5 30. Rxd4 Ra7 31. Kf2 c5 32. Rd6 b5 33. Be2 Rc7 34. Re3 c4 35. Re5 Kf4 36. Red5 Bb7 37. Rd4+ Kg5 38. Rd7 Rfc8 39. Kg3 c3 40. bxc3 Rxd7 41. Rxd7 Rxc3+ 42. Kf2 Bf3 43. Rg7+ Kf6 44. Rh7 Rc2 45. Rxh4 Bxe2 46. Rh6+ Kg5 47. Rg6+ Kf4 48. Ke1 Bxg4 49. Rxa6 Bxf5 50. Kd1 Rh2 51. Kc1 Ke3 52. a4 Rc2+ 53. Kd1 Rb2 54. Rc6 bxa4 55. Rc3+ Bd3 0-1

[Event "Belgrade-chT"]
[Site "Belgrade"]
[Date "2005.10.01"]
[Round "1"]
[White "Toth, Aleksandar"]
[Black "Lukic, Dragan M"]
[Result "1/2-1/2"]
[WhiteElo "2295"]
[BlackElo "2248"]
[PlyCount "84"]
[EventDate "2005.10.01"]
[EventType "team-tourn"]
[EventRounds "9"]
[EventCountry "YUG"]
[SourceTitle "CBM 108 Extra"]
[Source "ChessBase"]
[SourceDate "2005.11.04"]
[SourceVersion "1"]
[SourceVersionDate "2005.11.04"]
[SourceQuality "1"]

1. e4 Nf6 2. e5 Nd5 3. d4 d6 4. Nf3 dxe5 5. Nxe5 Nd7 6. Nxd7 Bxd7 7. Bc4 e6 8. 0-0 Qh4 9. c3 Bd6 10. g3 Qh3 11. Re1 0-0-0 12. Bf1 Qf5 13. Nd2 h5 14. Qf3 Qg6 15. Qd3 Qxd3 16. Bxd3 h4 17. Nc4 hxg3 18. Nxd6+ cxd6 19. fxg3 Bc6 20. Be4 Ne7 21. Bxc6 bxc6 22. Bg5 Kd7 23. Bxe7 Kxe7 24. Re2 f6 25. b4 e5 26. Rae1 Rhe8 27. Kf2 Ke6 28. c4 Rb8 29. a3 a5 30. bxa5 Ra8 31. c5 Rxa5 32. cxd6 Kxd6 33. dxe5+ Rexe5 34. Rd2+ Ke6 35. Rc1 c5 36. Rc3 Ra4 37. Rd8 Rd4 38. Rc8 Rd2+ 39. Kf3 Ra2 40. Rc6+ Kd7 41. R6xc5 Rxc5 42. Rxc5 Rxa3+ 1/2-1/2